[Event "AUTO-ELITE-1807"]
[Site "http://www.queenalice.com/game.php?id=1469700"]
[Date "2017.3.20"]
[Round "1"]
[White "Rachman"]
[Black "hepre"]
[Result "1/2-1/2"]
[WhiteElo "2250"]
[BlackElo "2245"]

1. c4 Nf6 2. g3 c6 3. Bg2 d5 4. Nf3 dxc4 5. O-O b5 6. a4 Bb7 7. b3 b4 8. bxc4 c5
9. d3 e6 10. Nbd2 Be7 11. Nb3 O-O 12. Bb2 Nbd7 13. e3 Qc7 14. a5 Bc6 15. Qe2 a6
16. Rfc1 Ng4 17. Nfd4 Bxg2 18. Nxe6 fxe6 19. Qxg4 Bf6 20. Bxf6 Rxf6 21. Kxg2 Qd6
22. Qe4 Rb8 23. d4 cxd4 24. exd4 Rd8 25. Ra2 Rc8 26. Rac2 Nb8 27. c5 Qd5 28.
Qxd5 exd5 29. Re2 Kf7 30. Rce1 Nc6 31. h4 Rb8 32. f4 Rb5 33. Ra2 Re6 34. Rxe6
Kxe6 35. Kf3 h5 36. g4 hxg4+ 37. Kxg4 Kf6 38. f5 Kf7 39. Kg5 Rb7 40. Re2 Re7 41.
Rxe7+ Nxe7 42. h5 Nc6 43. Kf4 Kf6 44. Kg4 Ne7 45. Kf4 Nc6 46. Kg4 Ne7 47. Kf4
Nc6 1/2-1/2

[Event "AUTO-ELITE-1807"]
[Site "http://www.queenalice.com/game.php?id=1469701"]
[Date "2017.3.20"]
[Round "1"]
[White "hepre"]
[Black "Rachman"]
[Result "0-1"]
[WhiteElo "2245"]
[BlackElo "2320"]

1. e4 e6 2. d4 d5 3. Nd2 Nf6 4. e5 Nfd7 5. c3 c5 6. Bd3 Nc6 7. Ngf3 g6 8. h4 h6
9. Bc2 b6 10. Nf1 Ba6 11. h5 g5 12. Ne3 Bg7 13. Bd3 Bxd3 14. Qxd3 Qc7 15. Bd2
O-O-O 16. O-O c4 17. Qe2 f6 18. exf6 Nxf6 19. b3 cxb3 20. axb3 Ne4 21. Ra2 Na5
22. Rb1 Nc6 23. Ng4 Kb8 24. b4 Rhf8 25. Re1 Rc8 26. Rf1 Qd6 27. Re1 Qe7 28. Nfh2
Rfe8 29. Nf1 Qf7 30. f3 Nxd2 31. Qxd2 Qxh5 32. Qf2 Qf7 33. Rae2 Kb7 34. Qe3 a6
35. Qd3 Na7 36. Nge3 Nb5 37. Rc2 Qf4 38. Qg6 Qf6 39. Qd3 h5 40. Ng3 Rh8 41. Ne2
h4 42. Ra2 h3 43. Rea1 Ra8 44. Rd2 hxg2 45. Ng4 Qf7 46. Kxg2 Nd6 47. Rda2 Nc4
48. Ng3 Bf8 49. Re1 Bd6 50. Rf2 Rh4 51. Ne4 dxe4 52. Qxe4+ Ka7 53. b5 a5 54.
Qxe6 Qh7 55. Qe4 Qh5 56. Qc6 Rh8 57. Kf1 Rh1+ 58. Ke2 Qg6 59. Qe4 Re8 60. Ne5
Nxe5 61. Rxh1 Ng4 62. Rh3 Rxe4+ 63. fxe4 Qxe4+ 64. Kf1 Nxf2 65. Kxf2 Qc2+ 66.
Kf3 g4+ 67. Kxg4 Qg2+ 68. Kh4 Be7+ 0-1

[Event "AUTO-ELITE-1901"]
[Site "http://www.queenalice.com/game.php?id=1503463"]
[Date "2017.11.13"]
[Round "1"]
[White "hepre"]
[Black "capaputi"]
[Result "1-0"]
[WhiteElo "2235"]
[BlackElo "2308"]

1. e4 e5 2. Nf3 Nc6 3. Bc4 Bc5 4. O-O Nf6 5. d3 h6 6. c3 O-O 7. b4 Bd6 8. Qe2 a6
9. a4 Be7 10. Na3 d6 11. Nc2 Bg4 12. Ne3 Be6 13. Bxe6 fxe6 14. Bd2 Qe8 15. b5
Nb8 16. c4 Nbd7 17. Rfd1 Nc5 18. Bb4 b6 19. Bxc5 bxc5 20. Rd2 axb5 21. cxb5 Nh5
22. Qd1 Qg6 23. a5 Nf4 24. g3 Kh7 25. a6 Nh3+ 26. Kg2 Ng5 27. Ng1 Kh8 28. a7
Nxe4 29. dxe4 Qxe4+ 30. Kh3 Bg5 31. Rda2 Bxe3 32. fxe3 Qxe3 33. b6 cxb6 34. Qxd6
Qe4 35. Qxe6 Rf5 36. Qg6 1-0

[Event "AUTO-ELITE-1901"]
[Site "http://www.queenalice.com/game.php?id=1503464"]
[Date "2017.11.13"]
[Round "1"]
[White "capaputi"]
[Black "hepre"]
[Result "0-1"]
[WhiteElo "2285"]
[BlackElo "2249"]

1. Nf3 d5 2. c4 c6 3. d4 Nf6 4. Nc3 dxc4 5. a4 e6 6. e3 c5 7. Bxc4 cxd4 8. exd4
Nc6 9. O-O Be7 10. Bf4 O-O 11. d5 exd5 12. Nxd5 Nxd5 13. Bxd5 Be6 14. Bxe6 fxe6
15. Bg3 Qxd1 16. Rfxd1 Rad8 17. Kf1 Bf6 18. Ke2 Rd5 19. Rxd5 exd5 20. Ra3 Bxb2
21. Rb3 Rxf3 22. Rxb2 Rf7 23. f3 Re7+ 24. Kd3 Kf7 25. Bd6 Rd7 26. Bg3 d4 27. f4
Kf6 28. Rb5 a6 29. Bh4+ Kg6 30. Rg5+ Kf7 31. Be1 b6 32. Bd2 g6 33. f5 Ne5+ 34.
Ke4 Nc4 35. fxg6+ hxg6 36. Kd3 Nb2+ 37. Ke4 Nxa4 38. Rd5 Nc5+ 39. Ke5 Rxd5+ 40.
Kxd5 Nb3 41. Bg5 d3 42. Kc6 b5 43. Kb6 b4 0-1

[Event "AUTO-ELITE-1901"]
[Site "http://www.queenalice.com/game.php?id=1503465"]
[Date "2017.11.13"]
[Round "1"]
[White "hepre"]
[Black "Ahlkhanvio"]
[Result "0-1"]
[WhiteElo "2255"]
[BlackElo "2459"]

1. d4 d5 2. Bf4 Nf6 3. e3 c5 4. Nc3 cxd4 5. exd4 a6 6. Bd3 Nc6 7. Nf3 Bg4 8. Be2
e6 9. Ne5 Bxe2 10. Nxe2 Bd6 11. Nxc6 bxc6 12. O-O O-O 13. a3 Bxf4 14. Nxf4 Qb6
15. Qd3 c5 16. Ne2 Rfc8 17. b3 Rab8 18. Rac1 Qa5 19. Ra1 cxd4 20. Nxd4 Rc3 21.
Qe2 Ne4 22. Rfd1 Rbc8 23. f3 Nd6 24. a4 Re8 25. Qd2 Qc5 26. Kf1 a5 27. Ra2 Rc8
28. Re1 h6 29. Rb2 Rb8 30. Ra2 Rb4 31. Rd1 Qc7 32. Qe2 Rxd4 33. Rxd4 Nf5 34. Rd3
Qxh2 35. Kf2 Rc5 36. Qd1 Qh4+ 37. Kg1 d4 38. c4 e5 39. Re2 Ng3 40. Re1 f5 41. b4
axb4 42. Rd2 f4 43. Ra2 Rc6 44. Qd3 e4 45. fxe4 f3 46. Qxf3 Rf6 47. Qxf6 Qxf6
48. e5 Qe6 49. Rd2 Nf5 50. c5 Qd5 51. e6 Qxc5 52. Kh2 b3 53. a5 Qxa5 54. Rdd1
Ne3 55. Rb1 Qe5+ 56. Kg1 Qxe6 57. Re2 Qd5 58. Rd2 d3 59. Rc1 Qd4 60. Kh2 b2 61.
Rb1 Qc3 62. Rbxb2 Qxd2 63. Rxd2 Nf1+ 64. Kg1 Nxd2 0-1

[Event "AUTO-ELITE-1901"]
[Site "http://www.queenalice.com/game.php?id=1503466"]
[Date "2017.11.13"]
[Round "1"]
[White "Ahlkhanvio"]
[Black "hepre"]
[Result "1-0"]
[WhiteElo "2432"]
[BlackElo "2262"]

1. Nf3 e6 2. c4 d5 3. d4 Nf6 4. g3 dxc4 5. Qa4+ Nc6 6. Bg2 Bb4+ 7. Bd2 Nd5 8.
Bxb4 Nxb4 9. O-O Rb8 10. Na3 O-O 11. Qb5 b6 12. Qxc4 Ba6 13. Nb5 Qd5 14. Qxd5
Nxd5 15. a4 Na5 16. Ne5 Rbd8 17. Nxa7 Nb4 18. Rac1 Bxe2 19. Rfe1 Ba6 20. Rxc7
Rxd4 21. Nb5 Rd2 22. Nd7 Nd3 23. Rb1 Rd8 24. Nxb6 Nxb2 25. Ra7 Bxb5 26. axb5
Nbc4 27. Nxc4 Nxc4 28. h4 h6 29. Rc7 Nb6 30. Rb7 R8d6 31. Rb8+ Kh7 32. Be4+ g6
33. h5 Kg7 34. hxg6 fxg6 35. Bc6 Nd7 36. Bxd7 Rd1+ 37. Rxd1 Rxd1+ 38. Kg2 Rxd7
39. b6 Kf6 40. Kf3 Kf5 41. b7 Ke5 42. Kg4 Rg7 43. f4+ Ke4 44. Re8 h5+ 45. Kg5
Rxb7 46. Rxe6+ Kf3 47. Kh4 Rb1 48. Rxg6 Rh1+ 49. Kg5 h4 50. gxh4 Rg1+ 51. Kh6
Rxg6+ 52. Kxg6 Kxf4 53. h5 Kg4 54. h6 Kf3 55. h7 Ke2 56. h8=Q Kd3 57. Qh4 1-0

[Event "AUTO-ELITE-1992"]
[Site "http://www.queenalice.com/game.php?id=1530852"]
[Date "2018.6.12"]
[Round "1"]
[White "eget"]
[Black "hepre"]
[Result "1-0"]
[WhiteElo "2379"]
[BlackElo "2249"]

1. e4 c5 2. Nf3 e6 3. Nc3 a6 4. d4 cxd4 5. Nxd4 d6 6. Bc4 Nf6 7. O-O b5 8. Bb3
Be7 9. Re1 Bb7 10. Bxe6 fxe6 11. Nxe6 Qd7 12. Nxg7+ Kd8 13. Nd5 Nxd5 14. exd5
Bf6 15. Nh5 Be5 16. f4 Bg7 17. a4 Rg8 18. Nxg7 Qxg7 19. g3 Nd7 20. axb5 axb5 21.
Rxa8+ Bxa8 22. Qd2 Kc8 23. Rd1 Qg4 24. Qc3+ Nc5 25. Rd4 b4 26. Qe1 Qf5 27. Qxb4
Re8 28. Qa5 Bb7 29. Rd1 Re2 30. Re1 Rxe1+ 31. Qxe1 Qxd5 32. Qf1 Qh1+ 33. Kf2
Qxh2+ 34. Ke1 Qxc2 35. Bd2 Ba6 36. Qh3+ Kb8 37. Qh6 Qb1+ 38. Kf2 Qf1+ 39. Ke3
Qe2+ 40. Kd4 1-0